Annual review of phytopathology, 2007. v. 45 (Record no. 42706)
[ view plain ]
| 000 -LEADER | |
|---|---|
| fixed length control field | 00371nam a2200133Ia 4500 |
| 082 ## - DEWEY DECIMAL CLASSIFICATION NUMBER | |
| Classification number | 581.2 |
| Item number | ANN.45 |
| 100 ## - MAIN ENTRY--AUTHOR NAME | |
| Personal name | Van Alfew, Neal K |
| 245 #0 - TITLE STATEMENT | |
| Title | Annual review of phytopathology, 2007. v. 45 |
| 260 ## - PUBLICATION, DISTRIBUTION, ETC. (IMPRINT) | |
| Place of publication | Palo Alto |
| Name of publisher | Annual Review |
| Year of publication | 2007 |
| 650 ## - SUBJECT ADDED ENTRY--TOPICAL TERM | |
| Topical Term | Bacteriophages |
| 650 ## - SUBJECT ADDED ENTRY--TOPICAL TERM | |
| Topical Term | Plant disease prediction |
| 942 ## - ADDED ENTRY ELEMENTS (KOHA) | |
| Koha item type | Books |
| Withdrawn status | Lost status | Damaged status | Not for loan | Home library | Current library | Date acquired | Cost, normal purchase price | Full call number | Accession Number | Koha item type |
|---|---|---|---|---|---|---|---|---|---|---|
| RRII Library | RRII Library | 16/12/2021 | 197.00 | 581.2 ANN.45 | 22972 | Books |